Europäische Binnenstaaten - Statistiken

Allgemein
  • Dieses Quiz wurde 37.249 mal gespielt
  • Das Durchschnittsergebnis liegt bei 13 aus 15
Antwortstatistiken
Land % Korrekt
Liechtenstein
94%
Österreich
94%
Schweiz
94%
Andorra
92%
Luxemburg
92%
Slowakei
91%
Tschechien
90%
Ungarn
88%
Vatikanstadt
88%
Serbien
87%
San Marino
85%
Kosovo
80%
Belarus
79%
Nordmazedonien
78%
Moldawien
72%
Keine übereinstimmenden Quizze gefunden
Verteilung der Resultate
Anzahl Personen mit jedem Resultat
Perzentil nach korrekt beantworteten Fragen
Ihre Resultats-Entwicklung
Sie haben dieses Quiz noch nicht gespielt